000 00344nam a2200145Ia 4500
003 OSt
005 20231226072912.0
008 170524s9999 xx 000 0 und d
020 _a8174460349
040 _cIIMT UNIVERSTY
100 _aMALVIYA SUBHASH
245 0 _aADVERTISING AND PROMOTION
260 _bNew Delhi : Adhiyaya
942 _2ddc
_c01
999 _c9454
_d9454